Lonely planet cyprus / (Record no. 15859)
[ view plain ]
| 000 -LEADER | |
|---|---|
| fixed length control field | 01585nam a2200313 a 4500 |
| 001 - CONTROL NUMBER | |
| control field | ASIN1741797756 |
| 005 - DATE AND TIME OF LATEST TRANSACTION | |
| control field | 20170105102927.0 |
| 008 - FIXED-LENGTH DATA ELEMENTS--GENERAL INFORMATION | |
| fixed length control field | 131212s2012 xxu eng d |
| 020 ## - INTERNATIONAL STANDARD BOOK NUMBER | |
| International Standard Book Number | 1741797756 (paperback) |
| Terms of availability | $19.99 |
| 020 ## - INTERNATIONAL STANDARD BOOK NUMBER | |
| International Standard Book Number | 9781741797756 (paperback) |
| 040 ## - CATALOGING SOURCE | |
| Original cataloging agency | 0 |
| 050 04 - LIBRARY OF CONGRESS CALL NUMBER | |
| Classification number | DS54.A288 |
| 082 04 - DEWEY DECIMAL CLASSIFICATION NUMBER | |
| Classification number | 915.693044 |
| Author Mark | QUI 2012 |
| 100 1# - MAIN ENTRY--PERSONAL NAME | |
| Personal name | Quintero, Josephine. |
| 245 10 - TITLE STATEMENT | |
| Title | Lonely planet cyprus / |
| Statement of responsibility, etc. | Josephine Quintero, Matthew Charles. |
| 250 ## - EDITION STATEMENT | |
| Edition statement | 5th ed. |
| 260 ## - PUBLICATION, DISTRIBUTION, ETC. | |
| Place of publication, distribution, etc. | [S.l.] : |
| Name of publisher, distributor, etc. | Lonely Planet, |
| Date of publication, distribution, etc. | 2012. |
| 300 ## - PHYSICAL DESCRIPTION | |
| Extent | 280 p. ; |
| Dimensions | 20 cm. |
| 490 1# - SERIES STATEMENT | |
| Series statement | Country guide. |
| 520 ## - SUMMARY, ETC. | |
| Summary, etc. | “A fractured identity, a passionate people, and lifestyle, culture and landscape that capture the imagination, providing plenty of surprises.” – Josephine Quintero, Lonely Planet Writer Our Promise You can trust our travel information because Lonely Planet authors visit the places we write about, each and every edition. We never accept freebies for positive coverage so you can rely on us to tell it like it is. Inside This Book… 2 authors 7 weeks of on-the-ground research 30+archaeological ruins Countless meze dishes Inspirational photos Clear, easy-to-use maps In-depth background At-a-glance practical info Comprehensive planning tools Easy-to-read layout. |
| 650 #0 - SUBJECT ADDED ENTRY--TOPICAL TERM | |
| Topical term or geographic name entry element | Cyprus |
| 650 #0 - SUBJECT ADDED ENTRY--TOPICAL TERM | |
| Topical term or geographic name entry element | Home ownership |
| 650 #0 - SUBJECT ADDED ENTRY--TOPICAL TERM | |
| Topical term or geographic name entry element | House buying |
| 650 #0 - SUBJECT ADDED ENTRY--TOPICAL TERM | |
| Topical term or geographic name entry element | Real property--Foreign ownership |
| 700 1# - ADDED ENTRY--PERSONAL NAME | |
| Personal name | Charles, Matthew. |
| 830 #0 - SERIES ADDED ENTRY--UNIFORM TITLE | |
| Uniform title | Country guide. |
| 856 40 - ELECTRONIC LOCATION AND ACCESS | |
| Materials specified | Amazon.com |
| Uniform Resource Identifier | <a href="http://www.amazon.com/exec/obidos/ASIN/1741797756/chopaconline-20">http://www.amazon.com/exec/obidos/ASIN/1741797756/chopaconline-20</a> |
| 942 ## - ADDED ENTRY ELEMENTS (KOHA) | |
| Source of classification or shelving scheme | |
| Koha item type | Book |
| Withdrawn status | Lost status | Damaged status | Not for loan | Collection code | Permanent Location | Current Location | Shelving location | Date acquired | Total Checkouts | Full call number | Barcode | Date last seen | Price effective from | Koha item type |
|---|---|---|---|---|---|---|---|---|---|---|---|---|---|---|
| Centre for International Peace & Stability (CIPS) | Centre for International Peace & Stability (CIPS) | General Stacks | 10/02/2013 | 915.693044 QUI 2012 | CIPS0001719 | 12/12/2013 | 12/12/2013 | Book |
